| 000 | 01127nas a2200361 4500 | ||
|---|---|---|---|
| 001 | BR2016004285 | ||
| 003 | BR-BrBNA | ||
| 005 | 20231205130749.0 | ||
| 007 | ta | ||
| 008 | 230509b bl.|||p| |||| 00| 00por d | ||
| 040 |
_aBR-BrBNA _bpor _cBiblioteca Nacional de Agricultura |
||
| 041 | _a(Pt) | ||
| 072 | _aQ04; Q03; S30 | ||
| 100 | 1 | _aPalheta, R.A. | |
| 100 | 1 | _aCruz Filho, R.F. da | |
| 100 | 1 | _aCarneiro, A.L.B. | |
| 100 | 1 | _aTeixeira, M.F.S. | |
| 245 | 1 | _aComposição nutricional e controle de qualidade do leite de amapá doce (Brosimum parinarioides ducke) | |
| 650 | _aAMAPÁ | ||
| 650 | _aMORACEAE | ||
| 650 | _aDICOTILEDÔNEA | ||
| 650 | _aLEITE | ||
| 650 | _aLÁTEX | ||
| 650 | _aNUTRIÇÃO HUMANA | ||
| 650 | _aCOMPOSIÇÃO DE ALIMENTO | ||
| 650 | _aQUALIDADE | ||
| 650 | _aMICROBIOLOGIA DE ALIMENTO | ||
| 650 | _aPROPRIEDADE FÍSICO-QUÍMICA | ||
| 650 | _aAMAZÔNIA | ||
| 773 | 0 |
_tBoletim do Centro de Pesquisa e Processamento de Alimentos (Brazil) _xISSN 0102-0323 _g(Jul-Dec 2015), v. 33(2) p. 1-8 _wBR2016004285 |
|
| 909 |
_a202311 _bLúcia _c55 _dLúcia Elande |
||
| 942 |
_2AGRIS _n0 _cANA |
||
| 999 |
_c251088 _d251088 |
||